000 01421cam a22003974i 4500
003 PE-LiUPU
005 20250731175634.0
008 150625s r 000 0 d
020 _a8476352093
035 _a(Sirsi) i9788476352090
040 _aPE-LiUPU
_bspa
_cPE-LiUPU
_erda
049 _aPRUA
082 0 4 _a465
_bG68
_221
100 1 _aGómez Torrego, Leonardo,
_eautor.
245 1 0 _aEjercicios de gramática normativa I /
_cLeonardo Gómez Torrego.
250 _a2a
264 1 _aMadrid :
_bArco Libros,
_c1998.
300 _a71 páginas ;
_c22 centímetros
336 _atext
_2rdacontent
337 _aunmediated
_2rdamedia
338 _avolume
_2rdacarrier
505 0 _aIntroducción. -Ejercicios. -Soluciones. -Biografías.
526 _aP145
526 _aP127
526 _aP97
526 _aP35
526 _aP14
526 _aP07
541 _g001-0029255;
650 0 4 _aEspañol
_xGramática
_vEjercicios prácticos.
942 _2ddc
_cBOOK
949 _a465 G68
_wDEWEY
_c1
_i59159
_lCCODEBUL1
_mBUL
_r0
_sY
_tBOOK
_u2015-6-25
_xEDUCACION
_PP20
_0COMPRA
_o.STAFF. Colección General
994 _aC0
_bPEPRU
596 _a1
999 _a465 G68
_wDEWEY
_c47973
_i59159
_f2021-11-8
_g5
_lCCODEBUL1
_mBUL
_r0
_sY
_tBOOK
_u2015-6-25
_xEDUCACION
_PP20
_0COMPRA
_o.STAFF. Colección General
_d47973
980 _81
_gALBERTO SANCHEZ Responsable de Automatización